On abelian groups whose subgroups are endomorphic images

Elmentve itt :
Bibliográfiai részletek
Szerzők: Fuchs László
Kertész Andor
Szele Tibor
Dokumentumtípus: Cikk
Megjelent: 1955
Sorozat:Acta scientiarum mathematicarum 16 No. 1-2
Kulcsszavak:Abel Niels Henrik, Természettudomány, Matematika, Művelődés
Online Access:http://acta.bibl.u-szeged.hu/13770
LEADER 00749nab a2200205 i 4500
001 acta13770
005 20210412102621.0
008 161015s1955 hu o 0|| eng d
022 |a 0001-6969 
040 |a SZTE Egyetemi Kiadványok Repozitórium  |b hun 
041 |a eng 
100 1 |a Fuchs László 
245 1 3 |a On abelian groups whose subgroups are endomorphic images  |h [elektronikus dokumentum] /  |c  Fuchs László 
260 |c 1955 
300 |a 77-88 
490 0 |a Acta scientiarum mathematicarum  |v 16 No. 1-2 
695 |a Abel Niels Henrik, Természettudomány, Matematika, Művelődés 
700 0 1 |a Kertész Andor  |e aut 
700 0 1 |a Szele Tibor  |e aut 
856 4 0 |u http://acta.bibl.u-szeged.hu/13770/1/math_016_fasc_001_002_077-088.pdf  |z Dokumentum-elérés